<?xml version="1.0" encoding="UTF-8"?>
<record
    xmlns:xsi="http://www.w3.org/2001/XMLSchema-instance"
    xsi:schemaLocation="http://www.loc.gov/MARC21/slim http://www.loc.gov/standards/marcxml/schema/MARC21slim.xsd"
    xmlns="http://www.loc.gov/MARC21/slim">

  <leader>00586nam a22001337a 4500</leader>
  <datafield tag="040" ind1=" " ind2=" ">
    <subfield code="c">RAU</subfield>
  </datafield>
  <datafield tag="082" ind1=" " ind2=" ">
    <subfield code="a">AGR MOE 2105 B521 Or.</subfield>
  </datafield>
  <datafield tag="100" ind1=" " ind2=" ">
    <subfield code="a">MOEURN MESA; &#x1798;&#x17BF;&#x1793; &#x1798;&#x17C1;&#x179F;&#x17B6;</subfield>
  </datafield>
  <datafield tag="245" ind1=" " ind2=" ">
    <subfield code="a">Orange production situation in Phnom Kravanh district, Pursat province; &#x179F;&#x17D2;&#x1790;&#x17B6;&#x1793;&#x1797;&#x17B6;&#x1796;&#x1795;&#x179B;&#x17B7;&#x178F;&#x1780;&#x1798;&#x17D2;&#x1798;&#x1780;&#x17BC;&#x1793;&#x1780;&#x17D2;&#x179A;&#x17BC;&#x1785;&#x1796;&#x17C4;&#x1792;&#x17B7;&#x17CD;&#x179F;&#x17B6;&#x178F;&#x17CB;&#x1793;&#x17C5;&#x1780;&#x17D2;&#x1793;&#x17BB;&#x1784;&#x179F;&#x17D2;&#x179A;&#x17BB;&#x1780;&#x1797;&#x17D2;&#x1793;&#x17C6;&#x1780;&#x17D2;&#x179A;&#x179C;&#x17B6;&#x1789; &#x1781;&#x17C1;&#x178F;&#x17D2;&#x178F;&#x1796;&#x17C4;&#x1792;&#x17B7;&#x17CD;&#x179F;&#x17B6;&#x178F;&#x17CB;</subfield>
  </datafield>
  <datafield tag="260" ind1=" " ind2=" ">
    <subfield code="a">Phnom penh </subfield>
    <subfield code="b">RUA</subfield>
    <subfield code="c">2015</subfield>
  </datafield>
  <datafield tag="300" ind1=" " ind2=" ">
    <subfield code="a">x; 50p;</subfield>
    <subfield code="b">ill;</subfield>
    <subfield code="c">29cm;</subfield>
  </datafield>
  <datafield tag="856" ind1=" " ind2=" ">
    <subfield code="u">MOEURN MESA</subfield>
  </datafield>
  <datafield tag="942" ind1=" " ind2=" ">
    <subfield code="c">AGR</subfield>
  </datafield>
  <datafield tag="999" ind1=" " ind2=" ">
    <subfield code="c">10723</subfield>
    <subfield code="d">10723</subfield>
  </datafield>
  <datafield tag="952" ind1=" " ind2=" ">
    <subfield code="0">0</subfield>
    <subfield code="1">0</subfield>
    <subfield code="2">ddc</subfield>
    <subfield code="4">0</subfield>
    <subfield code="6">AGR_MOE_2105_000000000000000_B521_OR_1</subfield>
    <subfield code="7">0</subfield>
    <subfield code="9">55859</subfield>
    <subfield code="a">LBB</subfield>
    <subfield code="b">LBB</subfield>
    <subfield code="c">B521</subfield>
    <subfield code="d">2016-11-04</subfield>
    <subfield code="o">AGR MOE 2105 B521 Or.1</subfield>
    <subfield code="p">A02516</subfield>
    <subfield code="r">2016-11-04</subfield>
    <subfield code="w">2016-11-04</subfield>
    <subfield code="y">AGR</subfield>
  </datafield>
  <datafield tag="952" ind1=" " ind2=" ">
    <subfield code="0">0</subfield>
    <subfield code="1">0</subfield>
    <subfield code="2">ddc</subfield>
    <subfield code="4">0</subfield>
    <subfield code="6">AGR_MOE_2105_000000000000000_B521_OR_2</subfield>
    <subfield code="7">0</subfield>
    <subfield code="9">55860</subfield>
    <subfield code="a">LBB</subfield>
    <subfield code="b">LBB</subfield>
    <subfield code="c">B521</subfield>
    <subfield code="d">2016-11-04</subfield>
    <subfield code="o">AGR MOE 2105 B521 Or.2</subfield>
    <subfield code="p">A02033</subfield>
    <subfield code="r">2016-11-04</subfield>
    <subfield code="w">2016-11-04</subfield>
    <subfield code="y">AGR</subfield>
  </datafield>
  <datafield tag="952" ind1=" " ind2=" ">
    <subfield code="0">0</subfield>
    <subfield code="1">0</subfield>
    <subfield code="2">ddc</subfield>
    <subfield code="4">0</subfield>
    <subfield code="6">AGR_MOE_2105_000000000000000_B521_OR_3</subfield>
    <subfield code="7">0</subfield>
    <subfield code="9">55861</subfield>
    <subfield code="a">LBB</subfield>
    <subfield code="b">LBB</subfield>
    <subfield code="c">B521</subfield>
    <subfield code="d">2016-11-04</subfield>
    <subfield code="o">AGR MOE 2105 B521 Or.3</subfield>
    <subfield code="p">A00542</subfield>
    <subfield code="r">2016-11-04</subfield>
    <subfield code="w">2016-11-04</subfield>
    <subfield code="y">AGR</subfield>
  </datafield>
  <datafield tag="952" ind1=" " ind2=" ">
    <subfield code="0">0</subfield>
    <subfield code="1">0</subfield>
    <subfield code="2">ddc</subfield>
    <subfield code="4">0</subfield>
    <subfield code="6">AGR_MOE_2105_000000000000000_B521_OR_4</subfield>
    <subfield code="7">0</subfield>
    <subfield code="9">55862</subfield>
    <subfield code="a">LBB</subfield>
    <subfield code="b">LBB</subfield>
    <subfield code="c">B521</subfield>
    <subfield code="d">2016-11-04</subfield>
    <subfield code="o">AGR MOE 2105 B521 Or.4</subfield>
    <subfield code="p">A01078</subfield>
    <subfield code="r">2016-11-04</subfield>
    <subfield code="w">2016-11-04</subfield>
    <subfield code="y">AGR</subfield>
  </datafield>
  <datafield tag="952" ind1=" " ind2=" ">
    <subfield code="0">0</subfield>
    <subfield code="1">0</subfield>
    <subfield code="2">ddc</subfield>
    <subfield code="4">0</subfield>
    <subfield code="6">AGR_MOE_2105_000000000000000_B521_OR_5</subfield>
    <subfield code="7">0</subfield>
    <subfield code="9">55863</subfield>
    <subfield code="a">LBB</subfield>
    <subfield code="b">LBB</subfield>
    <subfield code="c">B521</subfield>
    <subfield code="d">2016-11-04</subfield>
    <subfield code="l">1</subfield>
    <subfield code="o">AGR MOE 2105 B521 Or.5</subfield>
    <subfield code="p">A01974</subfield>
    <subfield code="r">2024-07-05</subfield>
    <subfield code="s">2024-06-25</subfield>
    <subfield code="w">2016-11-04</subfield>
    <subfield code="y">AGR</subfield>
  </datafield>
  <datafield tag="952" ind1=" " ind2=" ">
    <subfield code="0">0</subfield>
    <subfield code="1">0</subfield>
    <subfield code="2">ddc</subfield>
    <subfield code="4">0</subfield>
    <subfield code="6">AGR_MOE_2105_000000000000000_B521_OR_6</subfield>
    <subfield code="7">0</subfield>
    <subfield code="9">55864</subfield>
    <subfield code="a">LBB</subfield>
    <subfield code="b">LBB</subfield>
    <subfield code="c">B521</subfield>
    <subfield code="d">2016-11-04</subfield>
    <subfield code="o">AGR MOE 2105 B521 Or.6</subfield>
    <subfield code="p">A00528</subfield>
    <subfield code="r">2016-11-04</subfield>
    <subfield code="w">2016-11-04</subfield>
    <subfield code="y">AGR</subfield>
  </datafield>
  <datafield tag="952" ind1=" " ind2=" ">
    <subfield code="0">0</subfield>
    <subfield code="1">0</subfield>
    <subfield code="2">ddc</subfield>
    <subfield code="4">0</subfield>
    <subfield code="6">AGR_MOE_2105_000000000000000_B521_OR_7</subfield>
    <subfield code="7">0</subfield>
    <subfield code="9">55865</subfield>
    <subfield code="a">LBB</subfield>
    <subfield code="b">LBB</subfield>
    <subfield code="c">B521</subfield>
    <subfield code="d">2016-11-04</subfield>
    <subfield code="o">AGR MOE 2105 B521 Or.7</subfield>
    <subfield code="p">A00041</subfield>
    <subfield code="r">2016-11-04</subfield>
    <subfield code="w">2016-11-04</subfield>
    <subfield code="y">AGR</subfield>
  </datafield>
  <datafield tag="952" ind1=" " ind2=" ">
    <subfield code="0">0</subfield>
    <subfield code="1">0</subfield>
    <subfield code="4">0</subfield>
    <subfield code="6">AGR_MOE_2015_000000000000000_B691_OR</subfield>
    <subfield code="7">0</subfield>
    <subfield code="9">86935</subfield>
    <subfield code="a">LBB</subfield>
    <subfield code="b">LBB</subfield>
    <subfield code="c">B691</subfield>
    <subfield code="d">2021-09-28</subfield>
    <subfield code="o">AGR MOE 2015 B691 Or.</subfield>
    <subfield code="p">A066140</subfield>
    <subfield code="r">2021-09-28</subfield>
    <subfield code="y">AGR</subfield>
  </datafield>
  <datafield tag="952" ind1=" " ind2=" ">
    <subfield code="0">0</subfield>
    <subfield code="1">0</subfield>
    <subfield code="4">0</subfield>
    <subfield code="6">AGR_MOE_2015_000000000000000_B691_OR</subfield>
    <subfield code="7">0</subfield>
    <subfield code="9">86936</subfield>
    <subfield code="a">LBB</subfield>
    <subfield code="b">LBB</subfield>
    <subfield code="c">B691</subfield>
    <subfield code="d">2021-09-28</subfield>
    <subfield code="o">AGR MOE 2015  B691 Or.</subfield>
    <subfield code="p">A066200</subfield>
    <subfield code="r">2021-09-28</subfield>
    <subfield code="y">AGR</subfield>
  </datafield>
</record>
